<?xml version="1.0" encoding="UTF-8"?>
<collection xmlns="http://www.loc.gov/MARC21/slim">
 <record>
  <leader>00904nam a2200229   4500</leader>
  <controlfield tag="001">000021134</controlfield>
  <controlfield tag="003">17581</controlfield>
  <controlfield tag="005">20150406140418.0</controlfield>
  <controlfield tag="008">150406s2014                           sd</controlfield>
  <datafield tag="100" ind1="1" ind2=" ">
   <subfield code="a">Nguyễn Thị Lan Phương</subfield>
   <subfield code="c">Th.S</subfield>
   <subfield code="e">Chủ nhiệm đề tài</subfield>
  </datafield>
  <datafield tag="245" ind1="1" ind2="0">
   <subfield code="a">Nghiên cứu các chủng vi khuẩn bacillus có khả năng phân giải hợp chất hữu cơ nhằm ứng dụng trong xử lý nước thải từ Khu Công nghiệp dịch vụ thuỷ sản Thọ Quang - thành phố Đà Nẵng</subfield>
   <subfield code="c">Nguyễn Thị Lan Phương</subfield>
  </datafield>
  <datafield tag="260" ind1=" " ind2=" ">
   <subfield code="c">2014</subfield>
  </datafield>
  <datafield tag="500" ind1=" " ind2=" ">
   <subfield code="a">Đề tài NCKH cấp Đại học Đà Nẵng . Mã số : Đ 2014-03-65</subfield>
  </datafield>
  <datafield tag="OWN" ind1=" " ind2=" ">
   <subfield code="a">LSP</subfield>
  </datafield>
  <datafield tag="999" ind1=" " ind2=" ">
   <subfield code="a">From the UDN01</subfield>
  </datafield>
  <datafield tag="TYP" ind1=" " ind2=" ">
   <subfield code="a">Mixed Materials</subfield>
  </datafield>
  <datafield tag="TYP" ind1=" " ind2=" ">
   <subfield code="a">Monograph</subfield>
  </datafield>
  <datafield tag="TYP" ind1=" " ind2=" ">
   <subfield code="a">Printed language</subfield>
  </datafield>
  <datafield tag="980" ind1=" " ind2=" ">
   <subfield code="a">Mạng thư viện Đại học Đà Nẵng</subfield>
  </datafield>
 </record>
</collection>
